LEADER 00863nam a2200217 i 4500 001 000000038693 003 CaOOAMICUS 005 19931231000000.0 008 931231n it u000 u ita u 013 $a9301 020 $a8877060654 040 $aSeMil$bita 100 1 $aFranceschi, Filippo .$0(OLS)http://semarc/name/17090 245 13$aIl mondo riconciliato :$bproposte di fede e di cultura. 650 4$aChiesa - Studi.$0(OLS)http://semarc/subject/1298 700 1 $aCracco, Giorgio,$d<1934- >.$0(OLS)http://semarc/name/4609 850 $aSeMil 852 $aSeMil$W1$xVenegono$y1$m3E IV 182$j4848$B4848$CSeMilBibl$Z2$F4848 $81 961 $aOmaggio: Casa editrice 996 $6020$a8877060654$9(OLS)http://semarc/number/8057 996 $6245$aIl mondo riconciliato :$bproposte di fede e di cultura$9(OLS)http://semarc/title/54735 LEADER 01469nam a2200289 i 4500 001 000000060587 003 CaOOAMICUS 005 20140521000000.0 008 140521s1969 it u000 u ita u 013 $a31759 040 $aSeMil$bita 100 1 $aSchweizer, Eduard,$d<1913-2006>.$0(OLS)http://semarc/name/36 240 10$aErniedrigung und Erhöhung bei Jesus und seinen Nachfolgern.$0(OLS)http://semarc/title/94997 245 10$aCristologia neotestamentaria :$bil Mistero Pasquale /$cEduard Schweizer ; Edizione italiana a cura di Bruno Liverani e Carmine Benincasa ; Traduzione italiana di Giuseppe Betori ... [et al.]. 260 $aBologna :$bEdizioni Dehoniane,$ccopyr. 1969. 300 $a226 p. ;$c22 cm. 490 0 $aEpifania della Parola ;$v5 500 $aContiene : Abbreviazioni bibliografiche ; Bibliografia. 650 4$aCristologia.$0(OLS)http://semarc/subject/173 700 1 $aBenincasa, Carmine.$0(OLS)http://semarc/name/3105 700 1 $aLiverani, Bruno.$0(OLS)http://semarc/name/15934 700 1 $aBetori, Giuseppe,$c.$0(OLS)http://semarc/name/4602 830 0$aEpifania della Parola ;$v5.$0(OLS)http://semarc/title/18907 850 $aSeMil 852 $aSeMil$W1$xVenegono$y1$m2K III 177$j26740$B26740$CSeMilBibl$Z2$F26743 $81 996 $6245$aCristologia neotestamentaria :$bil Mistero Pasquale$9(OLS)http://semarc/title/94996 996 $6260$aBologna :$bEdizioni Dehoniane$9(OLS)http://semarc/publisher/30927